Представление документа в формате MARC21

Поле Инд. ПП Название Значение
Тип записи a
Библиографический уровень m
001 _ Контрольный номер RU\infra-m\znanium\bibl\999949
005 _ Дата корректировки 20250915104127.1
008 Кодируемые данные 230116s2020 RU g rus u
020 a ISBN 978-5-9558-0062-2
020 a ISBN 978-5-16-102065-4
020 a ISBN 978-5-16-010201-6
040 a Служба первич. каталог. Общество с ограниченной ответственностью «ЗНАНИУМ»
041 a Код языка текста rus
044 a Код страны публикации RU
080 a Индекс УДК 50(076.1)
084 2 Источник индекса rubbk
a Индекс другой классификации/Индекс ББК 20я73
084 2 Источник индекса okso
a Индекс другой классификации/Индекс ББК 38.03.01
084 2 Источник индекса okso
a Индекс другой классификации/Индекс ББК 38.03.04
084 2 Источник индекса okso
a Индекс другой классификации/Индекс ББК 38.03.03
084 2 Источник индекса okso
a Индекс другой классификации/Индекс ББК 37.03.02
084 2 Источник индекса okso
a Индекс другой классификации/Индекс ББК 44.03.01
084 2 Источник индекса okso
a Индекс другой классификации/Индекс ББК 44.03.05
084 2 Источник индекса okso
a Индекс другой классификации/Индекс ББК 42.03.03
084 2 Источник индекса okso
a Индекс другой классификации/Индекс ББК 44.03.03
084 2 Источник индекса okso
a Индекс другой классификации/Индекс ББК 39.03.03
084 2 Источник индекса okso
a Индекс другой классификации/Индекс ББК 45.03.04
084 2 Источник индекса okso
a Индекс другой классификации/Индекс ББК 51.03.01
084 2 Источник индекса okso
a Индекс другой классификации/Индекс ББК 50.03.01
084 2 Источник индекса okso
a Индекс другой классификации/Индекс ББК 51.03.04
084 2 Источник индекса okso
a Индекс другой классификации/Индекс ББК 47.03.03
084 2 Источник индекса okso
a Индекс другой классификации/Индекс ББК 48.03.01
084 2 Источник индекса okso
a Индекс другой классификации/Индекс ББК 47.03.02
084 2 Источник индекса okso
a Индекс другой классификации/Индекс ББК 41.03.06
084 2 Источник индекса okso
a Индекс другой классификации/Индекс ББК 47.03.01
084 2 Источник индекса okso
a Индекс другой классификации/Индекс ББК 41.03.04
084 2 Источник индекса okso
a Индекс другой классификации/Индекс ББК 46.03.02
084 2 Источник индекса okso
a Индекс другой классификации/Индекс ББК 42.03.02
084 2 Источник индекса okso
a Индекс другой классификации/Индекс ББК 41.03.03
100 1_ a Автор Романов Валерий Павлович
q Полное имя Валерий Павлович
245 a Заглавие Концепции современного естествознания: Практикум
b Продолж. заглавия Учебное пособие
c Ответственность Московский институт электронной техники
250 g испр. и доп.
a Основные сведения об издании 3
260 a Место издания Москва
b Издательство Вузовский учебник
c Дата издания 2019
300 a Объем 128 с.
520 a Аннотация Практикум включает задачи и темы докладов для проведения семинарских занятий по курсу «Концепции современного естествознания». Задачи предваряются краткими теоретическими сведениями включающими основные понятия и формулы и решением нескольких типовых задач. Темы докладов снабжены списком литературы раскрывающей их содержание. В конце приведены ответы на задачи и справочный материал.
521 a Примеч. о целев. назн. ВО - Бакалавриат
650 a Основная рубрика Науковедение. Общенаучное знание и теории
x Основная подрубрика Концепции современного естествознания
852 x Примечание, не предназначенное для пользователя znanium2023
856 4_ a Имя сервера/домена znanium.com
m Помощь ebs_support@infra-m.ru
n Местонахождение сервера НИЦ ИНФРА-М
u URL https://znanium.com/catalog/document?id=367335
z Примечание для пользователя Участвует в КО
856 41 a Имя сервера/домена znanium.com
d Путь /cover/0999
f Электронное имя 999949.jpg
q Тип электронного формата image/jpeg
u URL https://znanium.com/cover/0999/999949.jpg